Great shooters of the world /

Bibliographic Details
Main Author: Fadala, Sam, 1939-
Format: Book
Language:English
Published: South Hackensack, N.J. : Stoeger Pub. Co., [1990]
Subjects:

MARC

Tag First Indicator Second Indicator Subfields
LEADER 00000cam a2200000 a 4500
001 in00001007267
005 20150927215048.0
008 910110s1990 njua 00010 eng d
010 |a  90071238  
020 |a 0883171600 
035 |a (OCoLC)22941950 
035 |9 AFD5691AM 
040 |a LSL  |c LSL  |d UtOrBLW 
090 |a GV1156  |b .F32 1990 
092 |a 799.21  |b Fad 
100 1 |a Fadala, Sam,  |d 1939- 
245 1 0 |a Great shooters of the world /  |c by Sam Fadala. 
264 1 |a South Hackensack, N.J. :  |b Stoeger Pub. Co.,  |c [1990] 
264 4 |c ©1990 
300 |a 287 pages :  |b illustrations ;  |c 26 cm. 
336 |a text  |b txt  |2 rdacontent 
337 |a unmediated  |b n  |2 rdamedia 
338 |a volume  |b nc  |2 rdacarrier 
650 0 |a Shooters of firearms  |x Biography. 
650 0 |a Hunters  |x Biography. 
999 |a MARS 
999 f f |s 7fa553bf-235b-393c-a739-512b9b2528e2  |i 06b8af96-9a71-3c9e-885a-eb02aed98bbb  |t 0 
952 f f |p ric  |a Texas A&M University  |b Rellis Campus  |c Joint Library Facility  |d Remote Storage  |t 0  |e GV1156 .F32 1990  |h Library of Congress classification  |i unmediated -- volume  |m A14814339159 
998 f f |a GV1156 .F32 1990  |t 0  |l Remote Storage